Những luận thuyết nổi tiếng thế giới
保存先:
| 第一著者: | |
|---|---|
| その他の著者: | |
| フォーマット: | 図書 |
| 言語: | Undetermined |
| 出版事項: |
H.
Văn hóa thông tin
1999
|
| 主題: | |
| オンライン・アクセス: | http://lrc.tdmu.edu.vn/opac/search/detail.asp?aID=2&ID=6423 |
| タグ: |
タグ追加
タグなし, このレコードへの初めてのタグを付けませんか!
|
| Thư viện lưu trữ: | Trung tâm Học liệu Trường Đại học Thủ Dầu Một |
|---|
| LEADER | 00741nam a2200205Ia 4500 | ||
|---|---|---|---|
| 001 | TDMU_6423 | ||
| 008 | 210410s9999 xx 000 0 und d | ||
| 082 | |a 140 | ||
| 090 | |b V500 | ||
| 100 | |a Vũ, Đình Phòng | ||
| 245 | 0 | |a Những luận thuyết nổi tiếng thế giới | |
| 245 | 0 | |c Vũ Đình Phòng, Lê Huy Hòa (biên soạn) | |
| 260 | |a H. | ||
| 260 | |b Văn hóa thông tin | ||
| 260 | |c 1999 | ||
| 300 | |a 519tr. | ||
| 650 | |a Luận thuyết nổi tiếng; Luận thuyết; Quan điểm; Tư tưởng | ||
| 700 | |a Lê, Huy Hòa | ||
| 856 | |u http://lrc.tdmu.edu.vn/opac/search/detail.asp?aID=2&ID=6423 | ||
| 980 | |a Trung tâm Học liệu Trường Đại học Thủ Dầu Một | ||